[Event "Teusaquillo Rapid op"]
[Site "Teusaquillo"]
[Date "2023.03.04"]
[Round "4"]
[White "Vargas Benavides, Mauricio"]
[Black "Ramirez Daza, Diego"]
[Result "1-0"]
[WhiteElo "2025"]
[BlackElo "2137"]
[PlyCount "73"]
[EventDate "2023.03.04"]
[EventType "swiss (rapid)"]
[EventRounds "9"]
[EventCountry "COL"]
[SourceTitle "CBM 213 Extra"]
[Source "ChessBase"]
[SourceDate "2023.05.31"]
[SourceVersion "1"]
[SourceVersionDate "2023.05.31"]
[SourceQuality "1"]

1. d4 Nf6 2. c4 c5 3. dxc5 Na6 4. Nc3 Nxc5 5. f3 a5 6. e4 d6 7. Be3 Bd7 8. b3 g6 9. Nge2 Bg7 10. e5 Ng8 11. exd6 Ne6 12. Rc1 Nf6 13. Ng3 0-0 14. Be2 Bc6 15. dxe7 Qxe7 16. 0-0 Rad8 17. Qe1 Rfe8 18. Qf2 Nd7 19. Rfe1 Ne5 20. Bb6 Rd2 21. Qf1 Qb4 22. Be3 Nxf3+ 23. Bxf3 Bxc3 24. Bxc6 bxc6 25. Ne4 Bd4 26. Bxd4 Rxd4 27. Nf6+ Kf8 28. Nxe8 Kxe8 29. Rcd1 Qd6 30. Rxd4 Qxd4+ 31. Qf2 c5 32. Qxd4 cxd4 33. Re5 Ke7 34. Rxa5 Kd6 35. Rd5+ Kc6 36. g3 f5 37. b4 1-0

[Event "Bogota Mayores Distrital op"]
[Site "Bogota"]
[Date "2011.08.14"]
[Round "6"]
[White "De la Cruz, Jonathan"]
[Black "Ramirez Daza, Diego"]
[Result "0-1"]
[WhiteElo "1974"]
[BlackElo "2169"]
[PlyCount "49"]
[EventDate "2011.08.11"]
[EventType "swiss"]
[EventRounds "9"]
[EventCountry "COL"]
[SourceTitle "CBM 143 Extra"]
[Source "ChessBase"]
[SourceDate "2011.08.29"]
[SourceVersion "1"]
[SourceVersionDate "2011.08.29"]
[SourceQuality "1"]

1. d4 Nf6 2. c4 g6 3. Nc3 Bg7 4. e4 d6 5. Bg5 0-0 6. Qd2 c5 7. d5 Na6 8. f3 Nc7 9. Bd3 e6 10. Nge2 exd5 11. exd5 Qe8 12. 0-0 Bd7 13. Rac1 Qc8 14. Ng3 b5 15. Bh6 bxc4 16. Bxg7 Kxg7 17. Bxc4 Rb8 18. b3 Qd8 19. a4 Bc8 20. Nce4 Nce8 21. Nxf6 Nxf6 22. Qc3 Kg8 23. f4 Bb7 24. Qd2 Re8 25. f5 0-1

[Event "Bogota Mayores Distrital op"]
[Site "Bogota"]
[Date "2011.08.11"]
[Round "1"]
[White "Ramirez Daza, Diego"]
[Black "Giron, Yorman Omar"]
[Result "1-0"]
[WhiteElo "2169"]
[BlackElo "1885"]
[PlyCount "91"]
[EventDate "2011.08.11"]
[EventType "swiss"]
[EventRounds "9"]
[EventCountry "COL"]
[SourceTitle "CBM 143 Extra"]
[Source "ChessBase"]
[SourceDate "2011.08.29"]
[SourceVersion "1"]
[SourceVersionDate "2011.08.29"]
[SourceQuality "1"]

1. e4 c5 2. Nf3 d6 3. d4 cxd4 4. Nxd4 Nf6 5. Nc3 a6 6. Bg5 e6 7. f4 Qb6 8. Qd2 Qxb2 9. Rb1 Qa3 10. f5 Nc6 11. fxe6 fxe6 12. Nxc6 bxc6 13. Be2 Be7 14. 0-0 0-0 15. Rb3 Qa5 16. Be3 Qc7 17. Rfb1 Nd7 18. Na4 Bf6 19. Bb6 Nxb6 20. Nxb6 Rb8 21. Nxc8 Rxb3 22. Rxb3 Rxc8 23. Bg4 Qa7+ 24. Kh1 Qe7 25. Qd3 Be5 26. Qxa6 Rf8 27. Rf3 Rxf3 28. gxf3 c5 29. a4 g6 30. a5 Kg7 31. Qe2 h5 32. Bh3 Qg5 33. a6 Qc1+ 34. Bf1 Qa3 35. Kg2 Qa2 36. Qc4 Qa5 37. c3 Qa1 38. Be2 Kf6 39. Qb5 Qc1 40. a7 Qg5+ 41. Kf2 Bxh2 42. Bf1 Bg1+ 43. Ke2 Qe3+ 44. Kd1 Qxf3+ 45. Qe2 Qxc3 46. a8Q 1-0

[Event "Bogota Distrital op"]
[Site "Bogota"]
[Date "2011.02.05"]
[Round "4"]
[White "Ramirez Daza, Diego"]
[Black "Cifuentes, John Jairo"]
[Result "1-0"]
[WhiteElo "2183"]
[BlackElo "2126"]
[PlyCount "105"]
[EventDate "2011.02.03"]
[EventType "swiss"]
[EventRounds "7"]
[EventCountry "COL"]
[SourceTitle "CBM 140 Extra"]
[Source "ChessBase"]
[SourceDate "2011.03.01"]
[SourceVersion "1"]
[SourceVersionDate "2011.03.01"]
[SourceQuality "1"]

1. c4 e5 2. d3 Nf6 3. Nf3 Nc6 4. a3 a5 5. g3 d5 6. cxd5 Nxd5 7. Bg2 Be7 8. 0-0 0-0 9. Nc3 Nb6 10. b3 Be6 11. Na4 Nxa4 12. bxa4 Bd5 13. Rb1 Nd4 14. Nxe5 Bxg2 15. Kxg2 Qd5+ 16. Nf3 Nxf3 17. exf3 b6 18. Rb5 Qd7 19. Qb3 Rad8 20. Rd1 Bc5 21. Be3 Bd6 22. d4 Kh8 23. Rh5 f5 24. d5 Qf7 25. Rh4 Be5 26. Qb5 Rd7 27. Rc4 Rfd8 28. Qc6 Rxd5 29. Rxd5 Rxd5 30. Bxb6 h6 31. Rc5 Rxc5 32. Bxc5 f4 33. g4 h5 34. Qa8+ Qg8 35. Qe4 Bd6 36. Bxd6 cxd6 37. Qxf4 hxg4 38. fxg4 Qd5+ 39. Qf3 Qd2 40. h4 Qd4 41. Kh3 Qe5 42. Qf8+ Kh7 43. Qf5+ Qxf5 44. gxf5 Kh6 45. Kg4 d5 46. Kf4 Kh5 47. Ke5 Kg4 48. f6 gxf6+ 49. Kxd5 Kxh4 50. Kc5 Kg4 51. Kb5 Kf3 52. Kxa5 Kxf2 53. Kb4 1-0

[Event "COL-chT"]
[Site "Bogota"]
[Date "2010.10.18"]
[Round "7.4"]
[White "Ramirez Daza, Diego"]
[Black "Ruiz Castillo, Joshua Daniel"]
[Result "1-0"]
[WhiteElo "2152"]
[BlackElo "2103"]
[PlyCount "39"]
[EventDate "2010.10.15"]
[EventType "swiss"]
[EventRounds "7"]
[EventCountry "COL"]
[SourceTitle "EXT 2024"]
[Source "ChessBase"]
[SourceDate "2023.10.10"]
[SourceVersion "1"]
[SourceVersionDate "2023.10.10"]
[SourceQuality "1"]

1. a3 e5 2. c4 d6 3. Nc3 g6 4. g3 Bg7 5. Bg2 Ne7 6. e3 c5 7. Nge2 Nbc6 8. 0-0 0-0 9. d3 f5 10. Rb1 a5 11. Nd5 Rb8 12. Nec3 Be6 13. Bd2 Bf7 14. b4 b6 15. bxa5 bxa5 16. Qa4 Nxd5 17. Bxd5 Ne7 18. Rxb8 Qxb8 19. Rb1 Qa7 20. Rb7 1-0

[Event "COL-chT"]
[Site "Bogota"]
[Date "2010.10.16"]
[Round "3.3"]
[White "Ramirez Daza, Diego"]
[Black "Garavito, Miguel Angel"]
[Result "0-1"]
[WhiteElo "2152"]
[BlackElo "2239"]
[PlyCount "80"]
[EventDate "2010.10.15"]
[EventType "swiss"]
[EventRounds "7"]
[EventCountry "COL"]
[SourceTitle "EXT 2024"]
[Source "ChessBase"]
[SourceDate "2023.10.10"]
[SourceVersion "1"]
[SourceVersionDate "2023.10.10"]
[SourceQuality "1"]

1. e4 d6 2. d4 g6 3. c4 Bg7 4. Nc3 Nf6 5. Be2 0-0 6. g4 c5 7. d5 e6 8. g5 Ne8 9. Be3 a6 10. h4 Qa5 11. Qd2 b5 12. h5 bxc4 13. hxg6 fxg6 14. Rc1 Ra7 15. Bxc4 Qb4 16. b3 Re7 17. Nge2 Nd7 18. dxe6 Ne5 19. Nd5 Qb7 20. Nxe7+ Qxe7 21. Ng1 Nxc4 22. Rxc4 Bxe6 23. Ra4 Nc7 24. Ne2 Bd7 25. Rc4 Bb5 26. Rc1 Qxe4 27. Ng3 Qe6 28. Rh4 Nd5 29. Re4 Qf7 30. a4 Bc6 31. Rcc4 Nxe3 32. Rxe3 Bd5 33. Rh4 Bd4 34. Re2 Bf3 35. Rxd4 cxd4 36. Ne4 Qxb3 37. Nf6+ Rxf6 38. Re8+ Kf7 39. Re7+ Kxe7 40. gxf6+ Kf7 0-1

[Event "Bogota IRT op Navideno"]
[Site "Bogota"]
[Date "2009.12.06"]
[Round "2"]
[White "Ramirez Daza, Diego"]
[Black "Fuentes, Carlos2"]
[Result "1-0"]
[WhiteElo "2117"]
[BlackElo "2193"]
[PlyCount "65"]
[EventDate "2009.12.04"]
[EventType "swiss"]
[EventRounds "9"]
[EventCountry "COL"]
[SourceTitle "EXT 2024"]
[Source "ChessBase"]
[SourceDate "2023.10.10"]
[SourceVersion "1"]
[SourceVersionDate "2023.10.10"]
[SourceQuality "1"]

1. e4 e6 2. d4 d5 3. Nc3 Nf6 4. Bg5 Be7 5. e5 Nfd7 6. Bxe7 Qxe7 7. f4 a6 8. Nf3 c5 9. Qd2 Nc6 10. dxc5 Qxc5 11. 0-0-0 b5 12. Kb1 Bb7 13. Ne4 Qb6 14. Nd6+ Ke7 15. Qe1 Kf8 16. Ng5 Nd8 17. Bd3 g6 18. Qh4 Kg7 19. Ngxf7 Nxf7 20. Qe7 Rhf8 21. Qxd7 Bc8 22. Ne8+ Kg8 23. Qe7 Ra7 24. Nf6+ Kg7 25. Qb4 Rd8 26. Qe1 a5 27. Qh4 Rh8 28. Qg3 Nh6 29. h4 Kf7 30. Qg5 Nf5 31. h5 gxh5 32. Bxf5 exf5 33. Rxh5 1-0

[Event "Bogota IRT op"]
[Site "Bogota"]
[Date "2009.05.02"]
[Round "6"]
[White "Ramirez Daza, Diego"]
[Black "Tovio, Israel"]
[Result "0-1"]
[WhiteElo "2107"]
[BlackElo "2274"]
[PlyCount "106"]
[EventDate "2009.04.30"]
[EventType "swiss"]
[EventRounds "9"]
[EventCountry "COL"]
[SourceTitle "CBM 130 Extra"]
[Source "ChessBase"]
[SourceDate "2009.07.02"]
[SourceVersion "2"]
[SourceVersionDate "2009.07.15"]
[SourceQuality "1"]

1. e4 c5 2. c3 d5 3. exd5 Qxd5 4. d4 Nc6 5. Nf3 e5 6. Nbd2 exd4 7. Bc4 Qh5 8. cxd4 Nxd4 9. Nxd4 Qxd1+ 10. Kxd1 cxd4 11. Nb3 Bd7 12. Bf4 Bc6 13. Re1+ Be7 14. Be5 Kf8 15. f3 Rd8 16. Ke2 Bf6 17. Kf2 Ne7 18. Bxf6 gxf6 19. Rad1 Nf5 20. Bf1 h5 21. g3 Kg7 22. Bh3 Ne3 23. Rxd4 Nc2 24. Rxd8 Rxd8 25. Re2 Nb4 26. Rd2 Rxd2+ 27. Nxd2 Nd3+ 28. Ke3 Nxb2 29. Bf5 Bd5 30. Kd4 Bxa2 31. Bc2 b5 32. Kc5 Nc4 33. Ne4 a6 34. Bd3 Ne3 35. Nd6 Bc4 36. Be4 Nf1 37. Ne8+ Kh6 38. Nxf6 Nxh2 39. Bb7 a5 40. f4 a4 41. Kb4 Kg6 42. Nd7 Nf1 43. Ne5+ Kf5 44. Bc8+ Ke4 45. Bb7+ Ke3 46. g4 hxg4 47. Nxg4+ Kxf4 48. Nf6 Ne3 49. Nd7 Nd5+ 50. Ka3 f5 51. Nc5 Ke3 52. Ne6 f4 53. Ng5 f3 0-1